[Event "Göteborg Open 2016"]
[Site "Idrottsvägen 2, Mölnlycke, Sweden"]
[Date "2016.08.20"]
[Round "6.3"]
[White "Greenfeld, Alon"]
[Black "Winsnes, Rikard"]
[Result "1/2-1/2"]
[BlackElo "2395"]
[WhiteElo "2568"]
[LiveChessVersion "1.4.8"]

1. d4 {[%clk 1:26:42]} Nf6 {[%clk 1:30:28]} 2. c4 {[%clk 1:26:45]} g6
{[%clk 1:29:58]} 3. g3 {[%clk 1:26:07]} Bg7 {[%clk 1:27:14]} 4. Bg2
{[%clk 1:26:19]} O-O {[%clk 1:25:29]} 5. Nc3 {[%clk 1:25:58]} c6 {[%clk 1:15:18]}
6. e4 {[%clk 1:21:31]} d6 {[%clk 1:05:02]} 7. Nf3 {[%clk 1:16:47]} Nbd7
{[%clk 1:02:56]} 8. O-O {[%clk 1:16:05]} e5 {[%clk 1:03:17]} 9. Be3
{[%clk 1:13:11]} Ng4 {[%clk 1:00:53]} 10. Bg5 {[%clk 1:11:26]} Qb6
{[%clk 0:54:40]} 11. h3 {[%clk 1:11:00]} exd4 {[%clk 0:52:48]} 12. Na4
{[%clk 1:11:17]} Qa6 {[%clk 0:48:48]} 13. hxg4 {[%clk 1:09:25]} b5
{[%clk 0:48:35]} 14. Be7 {[%clk 1:09:43]} Re8 {[%clk 0:46:23]} 15. Bxd6
{[%clk 1:09:57]} bxa4 {[%clk 0:45:12]} 16. c5 {[%clk 1:10:03]} d3
{[%clk 0:35:38]} 17. e5 {[%clk 1:09:45]} Nxe5 {[%clk 0:32:40]} 18. Nxe5
{[%clk 1:05:10]} Bxe5 {[%clk 0:30:49]} 19. Re1 {[%clk 1:02:59]} f6
{[%clk 0:30:59]} 20. Qf3 {[%clk 0:55:19]} Bd7 {[%clk 0:21:11]} 21. Bxe5
{[%clk 0:53:22]} fxe5 {[%clk 0:18:56]} 22. Rad1 {[%clk 0:52:33]} Rac8
{[%clk 0:16:40]} 23. Qxd3 {[%clk 0:45:39]} Qxd3 {[%clk 0:16:15]} 24. Rxd3
{[%clk 0:46:07]} Bxg4 {[%clk 0:15:51]} 25. Rd6 {[%clk 0:41:16]} Re6
{[%clk 0:15:19]} 26. Re4 {[%clk 0:41:05]} Rxd6 {[%clk 0:14:17]} 27. cxd6
{[%clk 0:41:08]} Bf5 {[%clk 0:14:45]} 28. Rxa4 {[%clk 0:27:17]} Rd8
{[%clk 0:14:41]} 29. Rxa7 {[%clk 0:22:37]} Rxd6 {[%clk 0:14:53]} 30. a4
{[%clk 0:22:49]} Rd1+ {[%clk 0:13:28]} 31. Kh2 {[%clk 0:20:52]} Rd2
{[%clk 0:13:51]} 32. Bxc6 {[%clk 0:17:51]} Rxf2+ {[%clk 0:14:05]} 33. Kg1
{[%clk 0:18:04]} Rxb2 {[%clk 0:14:23]} 34. a5 {[%clk 0:17:03]} Rb1+
{[%clk 0:12:32]} 35. Kf2 {[%clk 0:15:38]} Rb2+ {[%clk 0:12:58]} 36. Kg1
{[%clk 0:15:29]} Rb1+ {[%clk 0:11:29]} 37. Kf2 {[%clk 0:15:52]} Rb2+
{[%clk 0:11:41]} 1/2-1/2

[Event "Göteborg Open 2016"]
[Site "Idrottsvägen 2, Mölnlycke, Sweden"]
[Date "2016.08.20"]
[Round "6.4"]
[White "Hector, Jonny"]
[Black "Mohammadi, Amir"]
[Result "1/2-1/2"]
[BlackElo "2288"]
[WhiteElo "2518"]
[LiveChessVersion "1.4.8"]

1. e4 {[%clk 1:25:43]} e5 {[%clk 1:30:26]} 2. Nf3 {[%clk 1:25:49]} Nc6
{[%clk 1:30:44]} 3. Bc4 {[%clk 1:26:09]} Bc5 {[%clk 1:31:06]} 4. c3
{[%clk 1:25:44]} Nf6 {[%clk 1:31:10]} 5. d4 {[%clk 1:25:57]} exd4
{[%clk 1:31:15]} 6. cxd4 {[%clk 1:26:18]} Bb4+ {[%clk 1:31:41]} 7. Nbd2
{[%clk 1:26:36]} d5 {[%clk 1:31:17]} 8. exd5 {[%clk 1:26:51]} Nxd5
{[%clk 1:31:35]} 9. O-O {[%clk 1:27:05]} O-O {[%clk 1:31:35]} 10. a3
{[%clk 1:27:18]} Be7 {[%clk 1:31:36]} 11. Re1 {[%clk 1:27:22]} Bg4
{[%clk 1:29:38]} 12. h3 {[%clk 1:26:58]} Bh5 {[%clk 1:29:26]} 13. Nb3
{[%clk 1:11:57]} Bf6 {[%clk 1:22:46]} 14. Be3 {[%clk 1:07:01]} Re8
{[%clk 1:18:53]} 15. Bd2 {[%clk 0:56:56]} Qd6 {[%clk 1:09:16]} 16. Rc1
{[%clk 0:56:05]} Rxe1+ {[%clk 1:02:39]} 17. Bxe1 {[%clk 0:56:13]} Nf4
{[%clk 1:00:04]} 18. Bf1 {[%clk 0:51:44]} Rd8 {[%clk 0:53:04]} 19. g3
{[%clk 0:41:42]} Qd5 {[%clk 0:46:02]} 20. Rc3 {[%clk 0:35:48]} Ne5
{[%clk 0:27:49]} 21. g4 {[%clk 0:25:59]} Bg6 {[%clk 0:23:32]} 22. Nxe5
{[%clk 0:24:21]} Bxe5 {[%clk 0:20:39]} 23. Qc1 {[%clk 0:21:01]} Bd3
{[%clk 0:13:19]} 24. Rc5 {[%clk 0:14:42]} Qxb3 {[%clk 0:08:22]} 25. Rxe5
{[%clk 0:14:51]} Bxf1 {[%clk 0:07:44]} 26. Qxf4 {[%clk 0:15:06]} Qxh3
{[%clk 0:07:15]} 27. Qg3 {[%clk 0:06:18]} Qxg3+ {[%clk 0:07:15]} 28. fxg3
{[%clk 0:06:46]} Ba6 {[%clk 0:06:39]} 29. g5 {[%clk 0:05:48]} c6 {[%clk 0:06:28]}
30. Re7 {[%clk 0:05:19]} h6 {[%clk 0:04:49]} 31. gxh6 {[%clk 0:05:32]} gxh6
{[%clk 0:05:17]} 32. Bc3 {[%clk 0:05:38]} Kf8 {[%clk 0:02:59]} 33. Re4
{[%clk 0:04:11]} Rd5 {[%clk 0:03:03]} 34. Bd2 {[%clk 0:02:20]} h5
{[%clk 0:03:00]} 35. Bb4+ {[%clk 0:01:56]} Kg7 {[%clk 0:03:23]} 36. Re8
{[%clk 0:01:55]} Kg6 {[%clk 0:03:37]} 37. Bc3 {[%clk 0:02:07]} Bc4
{[%clk 0:02:51]} 38. Re7 {[%clk 0:01:38]} Rb5 {[%clk 0:02:34]} 39. Kf2
{[%clk 0:01:37]} a5 {[%clk 0:02:34]} 40. a4 {[%clk 0:01:28]} Rb3 {[%clk 0:02:25]}
41. Rc7 {[%clk 0:00:48]} Bd5 {[%clk 0:02:53]} 42. Ke3 {[%clk 0:01:00]} b5
{[%clk 0:02:29]} 43. axb5 {[%clk 0:01:07]} Rxb5 {[%clk 0:01:37]} 44. Kf4
{[%clk 0:00:56]} a4 {[%clk 0:01:37]} 45. Ra7 {[%clk 0:01:08]} Bb3
{[%clk 0:01:18]} 46. Ra5 {[%clk 0:00:45]} Rxa5 {[%clk 0:00:51]} 47. Bxa5
{[%clk 0:01:12]} Bd5 {[%clk 0:00:59]} 48. Bd8 {[%clk 0:01:14]} Bg2
{[%clk 0:01:00]} 1/2-1/2

[Event "Göteborg Open 2016"]
[Site "Idrottsvägen 2, Mölnlycke, Sweden"]
[Date "2016.08.20"]
[Round "6.5"]
[White "Antonsen, Mikkel"]
[Black "Arduin, Antoine"]
[Result "1/2-1/2"]
[BlackElo "2150"]
[WhiteElo "2475"]
[LiveChessVersion "1.4.8"]

1. d4 {[%clk 1:30:57]} Nf6 {[%clk 1:30:13]} 2. c4 {[%clk 1:31:24]} e6
{[%clk 1:30:11]} 3. Nf3 {[%clk 1:31:40]} b6 {[%clk 1:30:30]} 4. g3
{[%clk 1:32:07]} Ba6 {[%clk 1:30:24]} 5. Nbd2 {[%clk 1:32:24]} c6
{[%clk 1:25:40]} 6. e4 {[%clk 1:27:45]} d5 {[%clk 1:24:35]} 7. e5
{[%clk 1:28:11]} Nfd7 {[%clk 1:24:04]} 8. cxd5 {[%clk 1:26:06]} cxd5
{[%clk 1:23:29]} 9. Bxa6 {[%clk 1:26:30]} Nxa6 {[%clk 1:23:53]} 10. O-O
{[%clk 1:24:39]} Be7 {[%clk 1:16:36]} 11. Ne1 {[%clk 1:16:53]} b5
{[%clk 1:09:05]} 12. h4 {[%clk 1:14:49]} Qb6 {[%clk 1:08:30]} 13. Ndf3
{[%clk 1:14:58]} O-O {[%clk 1:03:54]} 14. Bg5 {[%clk 1:14:45]} f6
{[%clk 0:59:47]} 15. exf6 {[%clk 1:14:43]} Bxf6 {[%clk 1:00:00]} 16. Be3
{[%clk 1:12:51]} Nb4 {[%clk 0:54:14]} 17. a3 {[%clk 1:11:07]} Nc6
{[%clk 0:54:25]} 18. Ng2 {[%clk 1:11:14]} Rfe8 {[%clk 0:38:22]} 19. Nf4
{[%clk 1:10:20]} Qb8 {[%clk 0:36:33]} 20. Nh5 {[%clk 1:05:00]} Qd6
{[%clk 0:32:51]} 21. Nxf6+ {[%clk 1:04:27]} Nxf6 {[%clk 0:33:08]} 22. Bf4
{[%clk 1:04:23]} Qd7 {[%clk 0:33:24]} 23. Qd3 {[%clk 1:03:02]} a6
{[%clk 0:23:14]} 24. Rac1 {[%clk 1:03:27]} Rec8 {[%clk 0:21:37]} 25. Rc2
{[%clk 1:02:33]} Na5 {[%clk 0:17:52]} 26. Ne5 {[%clk 1:00:45]} Qe8
{[%clk 0:18:07]} 27. Rfc1 {[%clk 0:55:16]} Nc4 {[%clk 0:17:02]} 28. b3
{[%clk 0:51:29]} Nxa3 {[%clk 0:13:47]} 29. Rc7 {[%clk 0:48:25]} Rxc7
{[%clk 0:13:06]} 30. Rxc7 {[%clk 0:48:49]} Rc8 {[%clk 0:13:14]} 31. Ra7
{[%clk 0:48:42]} Ra8 {[%clk 0:11:34]} 32. Rxa8 {[%clk 0:45:43]} Qxa8
{[%clk 0:11:53]} 33. Qc3 {[%clk 0:46:10]} Qb7 {[%clk 0:10:20]} 34. Qc5
{[%clk 0:41:09]} b4 {[%clk 0:09:59]} 35. Qd6 {[%clk 0:41:11]} Qc8
{[%clk 0:09:47]} 36. Qe7 {[%clk 0:29:15]} Qe8 {[%clk 0:05:09]} 37. Qxb4
{[%clk 0:29:40]} Nb5 {[%clk 0:05:17]} 38. Qc5 {[%clk 0:29:27]} h6
{[%clk 0:03:59]} 39. Kg2 {[%clk 0:29:23]} Ne4 {[%clk 0:04:04]} 40. Qb6
{[%clk 0:29:17]} Qc8 {[%clk 0:03:49]} 41. Be3 {[%clk 0:27:26]} Kh7
{[%clk 0:03:57]} 42. h5 {[%clk 0:25:47]} Nbc3 {[%clk 0:03:49]} 43. Qc6
{[%clk 0:23:31]} Qxc6 {[%clk 0:03:28]} 44. Nxc6 {[%clk 0:23:57]} g6
{[%clk 0:00:32]} 45. Nd8 {[%clk 0:22:23]} gxh5 {[%clk 0:00:41]} 46. Nxe6
{[%clk 0:22:49]} a5 {[%clk 0:00:33]} 47. f3 {[%clk 0:22:38]} Nd6 {[%clk 0:00:31]}
48. Bd2 {[%clk 0:22:58]} Ndb5 {[%clk 0:00:51]} 49. Kf2 {[%clk 0:21:54]} a4
{[%clk 0:00:36]} 50. bxa4 {[%clk 0:22:19]} Nxa4 {[%clk 0:01:03]} 51. Ke3
{[%clk 0:22:02]} Nb2 {[%clk 0:01:11]} 52. Bb4 {[%clk 0:21:46]} Nc4+
{[%clk 0:01:11]} 53. Kd3 {[%clk 0:21:14]} Nb2+ {[%clk 0:01:35]} 54. Ke2
{[%clk 0:20:15]} Kg6 {[%clk 0:01:21]} 55. Kf1 {[%clk 0:10:46]} Kf5
{[%clk 0:00:44]} 56. Ng7+ {[%clk 0:11:11]} Kg6 {[%clk 0:00:41]} 57. Ne6
{[%clk 0:11:07]} Kf5 {[%clk 0:01:07]} 58. Nf4 {[%clk 0:11:15]} Nxd4
{[%clk 0:01:08]} 59. Bc3 {[%clk 0:11:22]} Nxf3 {[%clk 0:01:29]} 60. Bxb2
{[%clk 0:10:01]} Kg4 {[%clk 0:01:49]} 61. Ne2 {[%clk 0:08:57]} h4
{[%clk 0:01:36]} 62. gxh4 {[%clk 0:09:20]} Nxh4 {[%clk 0:01:10]} 63. Kf2
{[%clk 0:09:40]} Nf5 {[%clk 0:00:53]} 64. Be5 {[%clk 0:09:29]} h5
{[%clk 0:00:53]} 65. Nd4 {[%clk 0:09:41]} Nxd4 {[%clk 0:00:54]} 1/2-1/2

[Event "Göteborg Open 2016"]
[Site "Idrottsvägen 2, Mölnlycke, Sweden"]
[Date "2016.08.20"]
[Round "6.6"]
[White "Åkesson, Joel"]
[Black "Efroimski, Marsel"]
[Result "1-0"]
[BlackElo "2329"]
[WhiteElo "2294"]
[LiveChessVersion "1.4.8"]

1. g3 {[%clk 1:30:56]} Nf6 {[%clk 1:29:21]} 2. Bg2 {[%clk 1:30:31]} d5
{[%clk 1:29:28]} 3. Nf3 {[%clk 1:30:20]} g6 {[%clk 1:29:35]} 4. c4
{[%clk 1:29:14]} Bg7 {[%clk 1:29:43]} 5. O-O {[%clk 1:26:40]} dxc4
{[%clk 1:29:00]} 6. Qa4+ {[%clk 1:23:40]} Bd7 {[%clk 1:20:06]} 7. Qxc4
{[%clk 1:23:23]} O-O {[%clk 1:20:32]} 8. d3 {[%clk 1:20:15]} Nc6 {[%clk 1:18:30]}
9. Nc3 {[%clk 1:15:57]} Bg4 {[%clk 1:17:33]} 10. Bf4 {[%clk 1:12:55]} Nh5
{[%clk 1:04:16]} 11. Bxc7 {[%clk 0:59:36]} Qd7 {[%clk 1:04:33]} 12. Bf4
{[%clk 0:59:55]} Rac8 {[%clk 1:02:05]} 13. Qa4 {[%clk 0:56:04]} b5
{[%clk 0:56:36]} 14. Nxb5 {[%clk 0:40:37]} Bxf3 {[%clk 0:54:13]} 15. Bxf3
{[%clk 0:36:08]} Nd4 {[%clk 0:54:25]} 16. Bxh5 {[%clk 0:35:19]} gxh5
{[%clk 0:54:37]} 17. Nc3 {[%clk 0:34:44]} Nxe2+ {[%clk 0:53:59]} 18. Kh1
{[%clk 0:34:10]} Qxa4 {[%clk 0:51:40]} 19. Nxa4 {[%clk 0:34:33]} Nxf4
{[%clk 0:52:03]} 20. gxf4 {[%clk 0:34:50]} Rfd8 {[%clk 0:34:11]} 21. Rac1
{[%clk 0:30:06]} Bf6 {[%clk 0:26:44]} 22. Rxc8 {[%clk 0:24:24]} Rxc8
{[%clk 0:27:13]} 23. Nc3 {[%clk 0:24:36]} Rb8 {[%clk 0:24:34]} 24. Nd5
{[%clk 0:13:46]} Rxb2 {[%clk 0:24:49]} 25. a4 {[%clk 0:13:14]} Ra2
{[%clk 0:21:42]} 26. Re1 {[%clk 0:11:28]} Rxa4 {[%clk 0:19:59]} 27. Nxe7+
{[%clk 0:11:36]} Kf8 {[%clk 0:18:01]} 28. Nd5 {[%clk 0:11:26]} Ra1
{[%clk 0:17:05]} 29. Rxa1 {[%clk 0:09:38]} Bxa1 {[%clk 0:17:34]} 30. Kg2
{[%clk 0:09:37]} a5 {[%clk 0:15:09]} 31. Kf3 {[%clk 0:09:31]} a4 {[%clk 0:10:39]}
32. Ke4 {[%clk 0:09:05]} a3 {[%clk 0:11:04]} 33. Nb4 {[%clk 0:09:21]} Bc3
{[%clk 0:09:43]} 34. Na2 {[%clk 0:09:43]} Bb2 {[%clk 0:09:10]} 35. d4
{[%clk 0:08:19]} Ke7 {[%clk 0:09:36]} 36. f5 {[%clk 0:08:25]} Kf6
{[%clk 0:08:40]} 37. h4 {[%clk 0:06:17]} Ba1 {[%clk 0:03:34]} 38. Nb4
{[%clk 0:05:50]} Bb2 {[%clk 0:03:46]} 39. Na2 {[%clk 0:06:13]} Ke7
{[%clk 0:03:46]} 40. Ke5 {[%clk 0:06:26]} Kd7 {[%clk 0:03:54]} 41. Kd5
{[%clk 0:06:17]} Kc7 {[%clk 0:03:46]} 42. Kc5 {[%clk 0:06:20]} Kb7
{[%clk 0:03:48]} 43. Kd5 {[%clk 0:01:40]} Kb6 {[%clk 0:03:33]} 44. Kc4
{[%clk 0:02:03]} Ka5 {[%clk 0:01:41]} 45. Kc5 {[%clk 0:00:31]} Ka4
{[%clk 0:01:27]} 46. Kc4 {[%clk 0:01:00]} h6 {[%clk 0:00:46]} 47. f6
{[%clk 0:01:06]} Ka5 {[%clk 0:01:04]} 48. Kc5 {[%clk 0:01:30]} Ka6
{[%clk 0:01:04]} 49. Nb4+ {[%clk 0:00:46]} Kb7 {[%clk 0:01:30]} 50. Na2
{[%clk 0:01:02]} Kc7 {[%clk 0:01:45]} 51. f4 {[%clk 0:00:44]} Kd7
{[%clk 0:01:58]} 52. Kd5 {[%clk 0:01:07]} Ba1 {[%clk 0:01:58]} 53. f5
{[%clk 0:01:05]} Bb2 {[%clk 0:01:42]} 54. Kc5 {[%clk 0:01:28]} Kc7
{[%clk 0:02:07]} 55. Kd5 {[%clk 0:01:36]} Kb6 {[%clk 0:02:22]} 56. Kc4
{[%clk 0:00:49]} Ka5 {[%clk 0:02:26]} 57. Kc5 {[%clk 0:01:04]} Ka4
{[%clk 0:01:57]} 58. Kc4 {[%clk 0:01:24]} Ba1 {[%clk 0:01:49]} 59. Nc1
{[%clk 0:01:47]} Bb2 {[%clk 0:01:53]} 60. Na2 {[%clk 0:02:13]} Ka5
{[%clk 0:02:16]} 61. Kc5 {[%clk 0:02:34]} Ka6 {[%clk 0:02:40]} 62. Nb4+
{[%clk 0:02:49]} Ka5 {[%clk 0:01:06]} 63. Na2 {[%clk 0:03:13]} Ba1
{[%clk 0:01:02]} 64. Nc1 {[%clk 0:03:31]} Bc3 {[%clk 0:00:54]} 65. Kd6
{[%clk 0:00:53]} Kb6 {[%clk 0:00:34]} 66. Ke7 {[%clk 0:01:09]} Kc7
{[%clk 0:00:39]} 67. d5 {[%clk 0:01:12]} Be1 {[%clk 0:00:31]} 68. d6+
{[%clk 0:01:30]} Kc6 {[%clk 0:00:51]} 69. d7 {[%clk 0:01:49]} Bb4+
{[%clk 0:01:13]} 70. Ke8 {[%clk 0:02:11]} Ba5 {[%clk 0:01:31]} 71. d8=Q
{[%clk 0:02:29]} Bxd8 {[%clk 0:01:58]} 72. Kxd8 {[%clk 0:02:52]} Kd6
{[%clk 0:02:24]} 73. Ke8 {[%clk 0:03:15]} Ke5 {[%clk 0:02:48]} 74. Kxf7
{[%clk 0:03:38]} Kd4 {[%clk 0:02:59]} 75. Ke6 {[%clk 0:03:52]} Kc3
{[%clk 0:03:26]} 76. f7 {[%clk 0:04:14]} 1-0

[Event "Göteborg Open 2016"]
[Site "Idrottsvägen 2, Mölnlycke, Sweden"]
[Date "2016.08.20"]
[Round "6.7"]
[White "Petersson, Baldur Teodor"]
[Black "Kumar, Rahul"]
[Result "1-0"]
[BlackElo "2184"]
[WhiteElo "2019"]
[LiveChessVersion "1.4.8"]

1. e4 {[%clk 1:30:43]} g6 {[%clk 1:30:53]} 2. Nc3 {[%clk 1:31:00]} Bg7
{[%clk 1:31:14]} 3. g3 {[%clk 1:31:20]} c5 {[%clk 1:31:06]} 4. Bg2
{[%clk 1:31:40]} Nc6 {[%clk 1:31:28]} 5. d3 {[%clk 1:31:54]} d6 {[%clk 1:31:44]}
6. f4 {[%clk 1:31:54]} e6 {[%clk 1:31:36]} 7. Nf3 {[%clk 1:32:12]} Nge7
{[%clk 1:31:56]} 8. O-O {[%clk 1:32:31]} O-O {[%clk 1:32:07]} 9. Be3
{[%clk 1:32:49]} Nd4 {[%clk 1:29:30]} 10. e5 {[%clk 1:31:01]} Nef5
{[%clk 1:25:22]} 11. Bf2 {[%clk 1:31:21]} Nxf3+ {[%clk 1:25:34]} 12. Qxf3
{[%clk 1:31:42]} Nd4 {[%clk 1:25:58]} 13. Qd1 {[%clk 1:32:03]} dxe5
{[%clk 1:21:57]} 14. fxe5 {[%clk 1:32:24]} Bxe5 {[%clk 1:22:12]} 15. Ne4
{[%clk 1:32:37]} Rb8 {[%clk 1:22:33]} 16. c3 {[%clk 1:32:19]} Nf5
{[%clk 1:18:06]} 17. Bxc5 {[%clk 1:30:38]} Nd6 {[%clk 1:17:50]} 18. Nxd6
{[%clk 1:29:13]} Bxd6 {[%clk 1:18:00]} 19. Bxa7 {[%clk 1:29:30]} Ra8
{[%clk 1:18:25]} 20. Be3 {[%clk 1:29:09]} Qc7 {[%clk 1:11:20]} 21. d4
{[%clk 1:25:26]} Ra5 {[%clk 1:10:22]} 22. Qd2 {[%clk 1:24:22]} Bd7
{[%clk 1:06:26]} 23. Bf4 {[%clk 1:22:05]} Rfa8 {[%clk 1:04:24]} 24. a3
{[%clk 1:21:29]} e5 {[%clk 0:59:08]} 25. dxe5 {[%clk 1:20:54]} Bxe5
{[%clk 0:59:25]} 26. Bxe5 {[%clk 1:21:03]} Rxe5 {[%clk 0:59:48]} 27. Qf4
{[%clk 1:19:59]} Bb5 {[%clk 0:55:07]} 28. Rfe1 {[%clk 1:11:26]} Rae8
{[%clk 0:42:12]} 29. Rxe5 {[%clk 1:09:58]} Rxe5 {[%clk 0:42:16]} 30. Bf1
{[%clk 1:09:54]} g5 {[%clk 0:38:09]} 31. Qf2 {[%clk 1:05:49]} Bc6
{[%clk 0:35:10]} 32. Re1 {[%clk 1:05:14]} Ra5 {[%clk 0:30:38]} 33. Bg2
{[%clk 0:59:17]} Rb5 {[%clk 0:26:26]} 34. c4 {[%clk 0:51:45]} Rb3
{[%clk 0:24:09]} 35. Qc5 {[%clk 0:49:30]} Qd8 {[%clk 0:20:58]} 36. Bxc6
{[%clk 0:44:00]} bxc6 37. Qe5 {[%clk 0:44:22]} Qd2 {[%clk 0:17:57]} 38. Re2
{[%clk 0:41:22]} Qc1+ {[%clk 0:18:15]} 39. Kg2 {[%clk 0:41:34]} h6
{[%clk 0:16:45]} 40. Qd4 {[%clk 0:30:06]} Kh7 {[%clk 0:14:07]} 41. Rf2
{[%clk 0:29:04]} Rb7 {[%clk 0:14:27]} 42. Qe4+ {[%clk 0:28:02]} Kg8
{[%clk 0:10:22]} 43. Qe8+ {[%clk 0:26:21]} Kh7 {[%clk 0:10:11]} 44. Qxc6
{[%clk 0:26:32]} Re7 {[%clk 0:10:30]} 45. Qf6 {[%clk 0:24:54]} Qe1
{[%clk 0:09:18]} 46. Qf5+ {[%clk 0:24:36]} Kg8 {[%clk 0:08:38]} 47. c5
{[%clk 0:23:24]} Qc1 {[%clk 0:08:21]} 48. Qf6 {[%clk 0:22:57]} Qxc5
{[%clk 0:08:30]} 49. b4 {[%clk 0:22:28]} Qd5+ {[%clk 0:08:25]} 50. Qf3
{[%clk 0:22:22]} Qd7 {[%clk 0:08:32]} 51. Qf5 {[%clk 0:20:41]} Qc6+
{[%clk 0:08:50]} 52. Kh3 {[%clk 0:20:39]} Rb7 {[%clk 0:07:23]} 53. a4
{[%clk 0:16:15]} Kg7 {[%clk 0:06:52]} 54. b5 {[%clk 0:16:16]} Qb6
{[%clk 0:07:14]} 55. Rc2 {[%clk 0:15:37]} f6 {[%clk 0:06:18]} 56. Rc6
{[%clk 0:14:34]} Qd4 {[%clk 0:06:41]} 57. a5 {[%clk 0:13:05]} h5 {[%clk 0:07:03]}
58. a6 {[%clk 0:12:10]} Qg4+ {[%clk 0:06:31]} 59. Qxg4 {[%clk 0:12:32]} hxg4+
{[%clk 0:06:56]} 60. Kxg4 {[%clk 0:12:50]} Rxb5 {[%clk 0:07:21]} 61. Kh5
{[%clk 0:12:56]} g4+ {[%clk 0:07:32]} 62. Kxg4 {[%clk 0:13:10]} Kg6
{[%clk 0:07:57]} 63. a7 {[%clk 0:05:35]} Ra5 {[%clk 0:07:32]} 64. Rc7
{[%clk 0:05:57]} Ra4+ {[%clk 0:07:28]} 65. Kf3 {[%clk 0:06:09]} Kf5
{[%clk 0:07:27]} 66. g4+ {[%clk 0:06:09]} Kg5 {[%clk 0:07:38]} 67. h3
{[%clk 0:05:54]} f5 {[%clk 0:07:17]} 68. h4+ {[%clk 0:03:58]} Kxh4
{[%clk 0:06:12]} 69. gxf5 {[%clk 0:04:21]} Kg5 {[%clk 0:06:29]} 70. Rf7
{[%clk 0:04:45]} Rf4+ {[%clk 0:06:01]} 71. Ke3 {[%clk 0:05:06]} Ra4
{[%clk 0:06:29]} 72. Kd3 {[%clk 0:05:28]} Kf4 {[%clk 0:06:48]} 73. Kc3
{[%clk 0:04:52]} Ke5 {[%clk 0:07:13]} 74. Kb3 {[%clk 0:04:44]} Ra1
{[%clk 0:07:36]} 75. Kb4 {[%clk 0:04:51]} Kd6 {[%clk 0:04:28]} 76. f6
{[%clk 0:05:10]} Ke6 {[%clk 0:04:12]} 77. Rc7 {[%clk 0:05:15]} Kxf6
{[%clk 0:04:36]} 78. Kb5 {[%clk 0:05:03]} Ke6 {[%clk 0:03:21]} 79. Kc6
{[%clk 0:05:16]} Ra2 {[%clk 0:01:08]} 80. Kb7 {[%clk 0:05:35]} Kd6
{[%clk 0:01:32]} 81. Kb8 {[%clk 0:05:54]} Rb2+ {[%clk 0:00:35]} 82. Rb7
{[%clk 0:06:15]} 1-0

[Event "Göteborg Open 2016"]
[Site "Idrottsvägen 2, Mölnlycke, Sweden"]
[Date "2016.08.20"]
[Round "6.8"]
[White "Ernst, Thomas"]
[Black "Fries-Nielsen, Jens Ove"]
[Result "1/2-1/2"]
[BlackElo "2369"]
[WhiteElo "2357"]
[LiveChessVersion "1.4.8"]

1. e4 {[%clk 1:30:56]} e6 {[%clk 1:30:42]} 2. d4 {[%clk 1:31:14]} d5
{[%clk 1:30:44]} 3. Nc3 {[%clk 1:31:34]} Nf6 {[%clk 1:31:02]} 4. Bg5
{[%clk 1:31:52]} dxe4 {[%clk 1:31:28]} 5. Nxe4 {[%clk 1:32:08]} Bb4+
{[%clk 1:31:55]} 6. c3 {[%clk 1:31:47]} Be7 {[%clk 1:30:27]} 7. Nxf6+
{[%clk 1:30:51]} gxf6 {[%clk 1:24:34]} 8. Be3 {[%clk 1:30:54]} b6
{[%clk 1:24:25]} 9. Be2 {[%clk 1:27:06]} Bb7 {[%clk 1:24:47]} 10. Bf3
{[%clk 1:27:26]} Bxf3 {[%clk 1:21:50]} 11. Qxf3 {[%clk 1:27:44]} c6
{[%clk 1:22:14]} 12. Ne2 {[%clk 1:25:40]} Qd5 {[%clk 1:22:16]} 13. Qxd5
{[%clk 1:25:35]} cxd5 {[%clk 1:22:40]} 14. Nf4 {[%clk 1:25:19]} Nc6
{[%clk 1:22:08]} 15. Ke2 {[%clk 1:23:32]} Na5 {[%clk 1:18:19]} 16. b3
{[%clk 1:22:26]} Rc8 1/2-1/2

[Event "Göteborg Open 2016"]
[Site "Idrottsvägen 2, Mölnlycke, Sweden"]
[Date "2016.08.20"]
[Round "6.9"]
[White "Knutsson, Håkan"]
[Black "Hultin, Johan"]
[Result "0-1"]
[BlackElo "2340"]
[WhiteElo "1922"]
[LiveChessVersion "1.4.8"]

1. e4 {[%clk 1:30:55]} e6 {[%clk 1:30:38]} 2. d4 {[%clk 1:31:16]} d5
{[%clk 1:31:03]} 3. Nc3 {[%clk 1:31:37]} dxe4 {[%clk 1:31:28]} 4. Nxe4
{[%clk 1:31:52]} Bd7 {[%clk 1:31:54]} 5. Nf3 {[%clk 1:32:08]} Bc6
{[%clk 1:32:20]} 6. Bd3 {[%clk 1:32:26]} Nd7 {[%clk 1:32:46]} 7. O-O
{[%clk 1:32:42]} Ngf6 {[%clk 1:33:12]} 8. Ned2 {[%clk 1:32:58]} Be7
{[%clk 1:33:30]} 9. Re1 {[%clk 1:33:21]} O-O {[%clk 1:33:55]} 10. c3
{[%clk 1:33:44]} b6 {[%clk 1:34:06]} 11. Nc4 {[%clk 1:30:47]} Bb7
{[%clk 1:34:21]} 12. Nce5 {[%clk 1:30:49]} c5 {[%clk 1:34:22]} 13. Qc2
{[%clk 1:29:54]} h6 {[%clk 1:32:54]} 14. Be3 {[%clk 1:27:37]} cxd4
{[%clk 1:31:25]} 15. Bxd4 {[%clk 1:24:23]} Bc5 {[%clk 1:30:34]} 16. Rad1
{[%clk 1:23:14]} Bxd4 {[%clk 1:30:39]} 17. Nxd4 {[%clk 1:21:14]} Nxe5
{[%clk 1:29:35]} 18. Rxe5 {[%clk 1:21:27]} Qc7 {[%clk 1:29:55]} 19. Re3
{[%clk 1:19:33]} Rfd8 {[%clk 1:29:37]} 20. Qe2 {[%clk 1:14:21]} Rd5
{[%clk 1:26:06]} 21. Bc4 {[%clk 1:12:12]} Rg5 {[%clk 1:24:53]} 22. Rg3
{[%clk 1:10:09]} Rd8 {[%clk 1:22:53]} 23. Re1 {[%clk 1:06:35]} Nd5
{[%clk 1:11:44]} 24. Bb3 {[%clk 0:59:16]} Nf4 {[%clk 1:10:20]} 25. Qc2
{[%clk 0:57:44]} Re5 {[%clk 1:03:58]} 26. Qb1 {[%clk 0:48:34]} Rxd4
{[%clk 0:55:33]} 27. cxd4 {[%clk 0:40:49]} Ne2+ {[%clk 0:54:46]} 28. Kh1
{[%clk 0:40:36]} Nxg3+ {[%clk 0:54:29]} 29. hxg3 {[%clk 0:40:53]} Rf5
{[%clk 0:39:37]} 30. Bc2 {[%clk 0:37:35]} Rxf2 {[%clk 0:39:09]} 31. Bh7+
{[%clk 0:37:15]} Kh8 {[%clk 0:39:13]} 32. Be4 {[%clk 0:37:36]} Bxe4
{[%clk 0:39:05]} 33. Qxe4 {[%clk 0:37:59]} Qxg3 {[%clk 0:39:19]} 34. Qa8+
{[%clk 0:38:09]} Kh7 {[%clk 0:39:43]} 35. Qe4+ {[%clk 0:38:14]} Qg6
{[%clk 0:39:51]} 0-1

[Event "Göteborg Open 2016"]
[Site "Idrottsvägen 2, Mölnlycke, Sweden"]
[Date "2016.08.20"]
[Round "6.10"]
[White "Rosenberg, Jan"]
[Black "Nygren, Kim"]
[Result "0-1"]
[BlackElo "2240"]
[WhiteElo "1919"]
[LiveChessVersion "1.4.8"]

1. d4 {[%clk 1:30:58]} Nf6 {[%clk 1:30:50]} 2. Nf3 {[%clk 1:31:04]} e6
{[%clk 1:31:04]} 3. Bf4 {[%clk 1:30:19]} d5 {[%clk 1:30:49]} 4. e3
{[%clk 1:30:19]} Bd6 {[%clk 1:28:34]} 5. Bg3 {[%clk 1:27:01]} Nbd7
{[%clk 1:24:47]} 6. Nbd2 {[%clk 1:20:47]} Qe7 {[%clk 1:13:45]} 7. Ne5
{[%clk 1:13:48]} O-O {[%clk 1:08:31]} 8. Bd3 {[%clk 1:13:06]} Bxe5
{[%clk 1:00:51]} 9. dxe5 {[%clk 1:12:43]} Ne4 {[%clk 1:00:54]} 10. c3
{[%clk 0:58:16]} Ndc5 {[%clk 0:56:49]} 11. Nf3 {[%clk 0:51:36]} b6
{[%clk 0:54:39]} 12. Be2 {[%clk 0:47:13]} Bb7 {[%clk 0:54:33]} 13. Qc2
{[%clk 0:47:02]} a5 {[%clk 0:51:14]} 14. Bh4 {[%clk 0:40:52]} Qe8
{[%clk 0:49:02]} 15. Nd4 {[%clk 0:35:59]} f6 {[%clk 0:45:35]} 16. exf6
{[%clk 0:30:15]} Nxf6 {[%clk 0:41:51]} 17. O-O {[%clk 0:16:27]} e5
{[%clk 0:39:19]} 18. Bxf6 {[%clk 0:09:56]} Rxf6 {[%clk 0:39:10]} 19. Nf3
{[%clk 0:07:06]} Qh5 {[%clk 0:38:30]} 20. Rfd1 {[%clk 0:04:54]} Raf8
{[%clk 0:38:33]} 21. Ne1 {[%clk 0:02:56]} Rxf2 {[%clk 0:38:25]} 22. Nf3
{[%clk 0:02:53]} Ne4 {[%clk 0:37:09]} 23. Rf1 {[%clk 0:02:40]} Rxg2+
{[%clk 0:35:25]} 24. Kxg2 {[%clk 0:02:26]} Qg6+ {[%clk 0:35:46]} 0-1